Mastering Excel 2000 (Record no. 9608)
[ view plain ]
| 000 -LEADER | |
|---|---|
| fixed length control field | 00565 a2200193 4500 |
| 020 ## - INTERNATIONAL STANDARD BOOK NUMBER | |
| International Standard Book Number | 0782123171 |
| 040 ## - CATALOGING SOURCE | |
| Original cataloging agency | DLC |
| Language of cataloging | DLC |
| 082 00 - DEWEY DECIMAL CLASSIFICATION NUMBER | |
| Classification number | 005.3 |
| 100 1# - MAIN ENTRY--PERSONAL NAME | |
| Personal name | Martin, Mindy C. |
| 245 10 - TITLE STATEMENT | |
| Title | Mastering Excel 2000 |
| Statement of responsibility, etc. | Mindy C. Martin, Steven M. Hansen, Beth Klingher. |
| 260 ## - PUBLICATION, DISTRIBUTION, ETC. | |
| Place of publication, distribution, etc. | New Delhi: |
| Name of publisher, distributor, etc. | BPB Publications, |
| Date of publication, distribution, etc. | 1999. |
| 300 ## - PHYSICAL DESCRIPTION | |
| Extent | 1291 p. : |
| Other physical details | ill. ; |
| Dimensions | 24 cm. + |
| 500 ## - GENERAL NOTE | |
| General note | Includes index. |
| 650 #0 - SUBJECT ADDED ENTRY--TOPICAL TERM | |
| Topical term or geographic name entry element | Business |
| General subdivision | Computer programs. |
| 650 #0 - SUBJECT ADDED ENTRY--TOPICAL TERM | |
| Topical term or geographic name entry element | Electronic spreadsheets. |
| 700 1# - ADDED ENTRY--PERSONAL NAME | |
| Personal name | Hansen, Steven M. |
| 700 1# - ADDED ENTRY--PERSONAL NAME | |
| Personal name | Klingher, Beth. |
| 942 ## - ADDED ENTRY ELEMENTS (KOHA) | |
| Koha item type | Book |
| Call number prefix | 005.3 MAR |
| Source of classification or shelving scheme | |
| Withdrawn status | Lost status | Damaged status | Not for loan | Collection code | Permanent Location | Current Location | Shelving location | Date acquired | Total Checkouts | Full call number | Barcode | Date last seen | Price effective from | Koha item type |
|---|---|---|---|---|---|---|---|---|---|---|---|---|---|---|
| Central Library (CL) | Central Library (CL) | First Floor - Software Engineering/ Programming Language | 12/08/2000 | 005.3 MAR | SEECS000454 | 11/14/2012 | 01/05/2017 | Book |
